[Event "CRO-ch U11 Girls"]
[Site "Trogir"]
[Date "2023.06.25"]
[Round "8"]
[White "Kosar, Ines"]
[Black "Rilje, Lucija"]
[Result "1-0"]
[WhiteElo "1025"]
[BlackElo "1091"]
[PlyCount "103"]
[EventDate "2023.06.21"]
[EventType "swiss"]
[EventRounds "9"]
[EventCountry "CRO"]
[SourceTitle "EXT 2024"]
[Source "ChessBase"]
[SourceDate "2023.10.10"]
[SourceVersion "1"]
[SourceVersionDate "2023.10.10"]
[SourceQuality "1"]

1. Nf3 d5 2. d4 c5 3. g3 e6 4. Bg2 Nc6 5. c3 Nf6 6. 0-0 Bd6 7. Bg5 h6 8. Bxf6 Qxf6 9. dxc5 Bxc5 10. Nbd2 0-0 11. e4 Rd8 12. Qc2 e5 13. exd5 Rxd5 14. Ne4 Qe7 15. Nxc5 Qxc5 16. Rfd1 Be6 17. Rxd5 Bxd5 18. a3 Rd8 19. Rd1 Qb5 20. a4 Qb6 21. b4 a6 22. a5 Qc7 23. h3 Nxb4 24. Qd2 Nc6 25. Qe3 f6 26. Qc5 Qxa5 27. Qxa5 Nxa5 28. Nh4 Kf8 29. Rxd5 Rxd5 30. Bxd5 b5 31. Nf5 Nc4 32. Bxc4 bxc4 33. Kf1 a5 34. Ke1 Ke8 35. Nd6+ Kd7 36. Nxc4 a4 37. Nb6+ Kc6 38. Nxa4 Kb5 39. Nb2 g5 40. Kd2 f5 41. Kd3 Kc5 42. Na4+ Kd5 43. c4+ Kd6 44. Kc3 Kc6 45. Kb4 f4 46. gxf4 gxf4 47. h4 e4 48. Nc3 e3 49. fxe3 fxe3 50. h5 Kb6 51. Nd5+ Kc6 52. Nxe3 1-0